000 00440nam a2200145 i 4500
001 129574
003 ES-MaACL
007 t|
008 070626s1920 xxk ||||1| eng d
100 1 _aThorndike, Lynn.
_9110143
245 1 0 _aMedieval Europe its developpemment
_b: civilization /
_cby Lynn Thorndike.
260 _aLondon :
_bGeorge G. Harrap & Comp.,
_c[1920]
300 _aXVIII, 665 p. :
_bil ;
_c22 cm.
852 _aES-MaACL
_jG-6230
999 _c129574
_d129574